[Event "Valasska Bystrice op 13th"]
[Site "Valasska Bystrice"]
[Date "2022.09.10"]
[Round "1"]
[White "Lapacek, Lubos"]
[Black "Uhlir, Jiri"]
[Result "0-1"]
[WhiteElo "1379"]
[BlackElo "1824"]
[PlyCount "80"]
[EventDate "2022.09.10"]
[EventType "swiss"]
[EventRounds "9"]
[EventCountry "CZE"]
[SourceTitle "CBM 210 Extra"]
[Source "ChessBase"]
[SourceDate "2022.11.30"]
[SourceVersion "1"]
[SourceVersionDate "2022.11.30"]
[SourceQuality "1"]

1. e4 c5 2. Nc3 Nc6 3. a3 e6 4. Nf3 a6 5. Bd3 g6 6. Rb1 b5 7. Ne2 c4 8. Bxc4 bxc4 9. c3 Nf6 10. Qc2 Bg7 11. Qa4 Nxe4 12. Qxc4 Nd6 13. Qd3 Nf5 14. b4 d5 15. 0-0 0-0 16. Bb2 e5 17. Ne1 e4 18. Qc2 Nd6 19. Qb3 Be6 20. Qa4 Qb6 21. Nc2 Qb5 22. Qxb5 axb5 23. Ne3 Ne5 24. Nf4 Ndc4 25. Nxc4 Nxc4 26. Rfd1 Bg4 27. Re1 Nxd2 28. Rbc1 Nc4 29. Rc2 Nxb2 30. Rxb2 Bxc3 31. Rbb1 Bxe1 32. Rxe1 Rfd8 33. h3 Be6 34. Nxe6 fxe6 35. Re3 Kf7 36. f3 exf3 37. Rxf3+ Ke7 38. Rc3 Rdc8 39. Rb3 e5 40. Rd3 Ke6 0-1

[Event "Valasska Bystrice op"]
[Site "Valasska Bystrice"]
[Date "2015.09.15"]
[Round "5"]
[White "Stojan, Frantisek"]
[Black "Uhlir, Jiri"]
[Result "0-1"]
[WhiteElo "1794"]
[BlackElo "1902"]
[PlyCount "98"]
[EventDate "2015.09.12"]
[EventType "swiss"]
[EventRounds "9"]
[EventCountry "CZE"]
[SourceTitle "EXT 2016"]
[Source "ChessBase"]
[SourceDate "2015.10.08"]
[SourceVersion "1"]
[SourceVersionDate "2015.10.08"]
[SourceQuality "1"]

1. d4 e6 2. Nf3 d5 3. Nbd2 Nf6 4. c3 Be7 5. e3 0-0 6. Bd3 b6 7. e4 Ba6 8. Bxa6 Nxa6 9. e5 Nd7 10. 0-0 c5 11. Re1 cxd4 12. cxd4 Nb4 13. Re3 a5 14. a3 Nc6 15. Nf1 b5 16. Bd2 Qb6 17. Be1 Qa6 18. h4 Nb6 19. b3 Rfc8 20. Ng5 h6 21. Nf3 Qb7 22. Qd3 Qa6 23. Bd2 a4 24. Ng5 hxg5 25. hxg5 b4 26. Qb1 g6 27. Rh3 bxa3 28. Ng3 axb3 29. Nh5 Nxd4 30. Nf6+ Bxf6 31. gxf6 Qc4 32. Qe1 Ne2+ 33. Kh1 Nf4 34. Rh4 g5 35. Rg4 Kh7 36. Qg1 Kg6 37. Qd1 Rh8+ 38. Kg1 Ne2+ 39. Qxe2 Qxe2 40. Rxg5+ Kh6 41. Bf4 Qe4 42. Bd2 Qe2 43. Bf4 Qe4 44. Rg4+ Qxf4 45. Rxf4 b2 46. Re1 Nc4 47. Rd1 Kg5 48. Rf3 a2 49. Rg3+ Kf5 0-1

[Event "Valasska Bystrice op"]
[Site "Valasska Bystrice"]
[Date "2014.09.18"]
[Round "7"]
[White "Doskar, Miloslav"]
[Black "Uhlir, Jiri"]
[Result "1/2-1/2"]
[WhiteElo "1696"]
[BlackElo "1945"]
[PlyCount "72"]
[EventDate "2014.09.13"]
[EventType "swiss"]
[EventRounds "9"]
[EventCountry "CZE"]
[SourceTitle "CBM 162 Extra"]
[Source "ChessBase"]
[SourceDate "2014.10.17"]
[SourceVersion "1"]
[SourceVersionDate "2014.10.17"]
[SourceQuality "1"]

1. d4 Nf6 2. c4 g6 3. Nc3 d5 4. cxd5 Nxd5 5. e4 Nxc3 6. bxc3 Bg7 7. Bc4 0-0 8. Ne2 c5 9. Be3 Qa5 10. 0-0 Nc6 11. Rc1 e6 12. Qd2 b5 13. Bd3 c4 14. Bb1 Bb7 15. Bh6 Rfd8 16. Bxg7 Kxg7 17. Qg5 h6 18. Qg3 Rac8 19. f4 Qc7 20. h4 Ne7 21. h5 Rg8 22. Qh3 Kh7 23. Ng3 Rcf8 24. Rf2 Bc8 25. e5 Bb7 26. hxg6+ fxg6 27. Qxe6 Bc8 28. Qd6 Qxd6 29. exd6 Nf5 30. Nxf5 Bxf5 31. Bxf5 Rxf5 32. Re1 Kg7 33. Re7+ Rf7 34. Rfe2 Rd8 35. Rxf7+ Kxf7 36. Re7+ Kf6 1/2-1/2

[Event "Valasska Bystrice op"]
[Site "Valasska Bystrice"]
[Date "2013.09.07"]
[Round "1"]
[White "Uhlir, Jiri"]
[Black "Biza, Miroslav"]
[Result "0-1"]
[WhiteElo "1893"]
[BlackElo "1864"]
[PlyCount "98"]
[EventDate "2013.09.07"]
[EventType "swiss"]
[EventRounds "9"]
[EventCountry "CZE"]
[SourceTitle "CBM 156 Extra"]
[Source "ChessBase"]
[SourceDate "2013.10.22"]
[SourceVersion "1"]
[SourceVersionDate "2013.10.22"]
[SourceQuality "1"]

1. e4 Nf6 2. d3 e5 3. Nf3 Nc6 4. c3 d5 5. Qc2 Be7 6. Be2 0-0 7. 0-0 h6 8. h3 Be6 9. Nh2 Qd7 10. Bf3 Bc5 11. Qe2 Rfe8 12. Rd1 Rad8 13. a4 a5 14. Nd2 Ne7 15. Ndf1 dxe4 16. Bxe4 Nxe4 17. Qxe4 Bd5 18. Qg4 Qc6 19. c4 Be6 20. Qe2 Ng6 21. Be3 Nf4 22. Bxf4 exf4 23. Qf3 Qb6 24. Rab1 Rd4 25. b3 Bd7 26. Nd2 Bc6 27. Ne4 Bxe4 28. dxe4 Rdxe4 29. Rd2 Rxc4 30. bxc4 Qxb1+ 31. Rd1 Re1+ 32. Rxe1 Qxe1+ 33. Nf1 Qb4 34. Qxf4 Bd6 35. Qe4 Qxa4 36. Qxb7 g6 37. c5 Be5 38. Qd5 Qa1 39. g3 a4 40. Kg2 Qd4 41. Qc6 Kg7 42. Qa6 Qe4+ 43. Kg1 Bd4 44. Qa5 Qe2 45. Qd2 Bxf2+ 46. Kg2 Qxd2 47. Nxd2 Bxc5 48. Kf3 f5 49. Ke2 Bb4 0-1